000 00699nam a2200289Ia 4500
005 20260324145408.0
008 008 260324s9999 xx 000 0 eng d
020 _a9781315724294
037 _aEBOOK
040 _aCRL
040 _beng
040 _cCRL
041 _2eng
041 _aeng
084 _qCRL
100 _aC.J. Mower White
_91222811
245 0 _aConsistency in Cognitive Social Behaviour
245 3 _bAn introduction to social psychology
260 _bTaylor and Francis
260 _c1982
365 _a
365 _b230
856 _uhttp://www.taylorfrancis.com/books/9781315724294
942 _cEBOOK
999 _c1830665
_d1830665